000 01910nam a2200385 a 4500
001 ebr10518210
003 CaPaEBR
006 m u
007 cr cn|||||||||
008 110324s2011 mau sb 001 0 eng d
010 _z 2011013082
020 _z9780674061842 (alk. paper)
020 _z9780674063051 (e-book)
040 _aCaPaEBR
_cCaPaEBR
035 _a(OCoLC)768123030
043 _an-us---
050 1 4 _aK487.L5
_bE65 2011eb
082 0 4 _a340/.11
_222
100 1 _aEpstein, Richard A.
245 1 0 _aDesign for liberty
_h[electronic resource] :
_bprivate property, public administration, and the rule of law /
_cRichard A. Epstein.
260 _aCambridge, Mass. :
_bHarvard University Press,
_c2011.
300 _ax, 233 p.
504 _aIncludes bibliographical references and index.
505 0 _aThe traditional conception of the rule of law -- Reasonableness standards and the rule of law -- Where natural law and utilitarianism converge -- Where natural law and utilitarianism diverge -- Property rights in the grand social scheme -- The bundle of rights -- Eminent domain -- Liberty interests -- Positive sum projects -- Redistribution last -- The rule of law diminished -- Retroactivity -- Modern applications: financial reform and health care -- Final reflections.
533 _aElectronic reproduction.
_bPalo Alto, Calif. :
_cebrary,
_d2012.
_nAvailable via World Wide Web.
_nAccess may be limited to ebrary affiliated libraries.
650 0 _aLiberty.
650 0 _aRule of law.
650 0 _aNatural law.
650 0 _aRight of property
_zUnited States.
650 0 _aRule of law
_zUnited States.
650 0 _aLaw
_xPolitical aspects
_zUnited States.
655 7 _aElectronic books.
_2local
710 2 _aebrary, Inc.
856 4 0 _uhttp://site.ebrary.com/lib/rucke/Doc?id=10518210
_zAn electronic book accessible through the World Wide Web; click to view
999 _c120878
_d120878